The new europe. Today-and tomorrow
সংরক্ষণ করুন:
| প্রধান লেখক: | |
|---|---|
| বিন্যাস: | গ্রন্থ |
| ভাষা: | ইংরেজি |
| প্রকাশিত: |
Nueva York
Frederick A. Praeger
1964
|
| সংস্করন: | 2a. ed |
| মালা: | The Praeger Contemporary World Series, 5
|
| বিষয়গুলি: | |
| ট্যাগগুলো: |
ট্যাগ যুক্ত করুন
কোনো ট্যাগ নেই, প্রথমজন হিসাবে ট্যাগ করুন!
|
MARC
| LEADER | 00000nam a2200000 a 4500 | ||
|---|---|---|---|
| 001 | UCR7724 | ||
| 003 | CL-VaPUC | ||
| 008 | 980519e19640000US |||||||||||||||||eng|d | ||
| 082 | 0 | 4 | |a 940.55 |b LIC |2 21 |
| 100 | |a Lichtheim, George |e author |9 452014 | ||
| 245 | 1 | 4 | |a The new europe. Today-and tomorrow |
| 250 | |a 2a. ed | ||
| 300 | |a 232 p | ||
| 942 | |c BK | ||
| 945 | |d 19980519 00:00:00 |a crobeson | ||
| 260 | |a Nueva York |b Frederick A. Praeger |c 1964 | ||
| 650 | 0 | |a Historia de Europa |9 392003 | |
| 650 | 0 | |a Historia contemporánea |9 343224 | |
| 650 | 7 | |a MERCADO COMUN EUROPEO |2 CL-VaPUC |9 334150 | |
| 650 | 0 | |a Integración económica |9 255024 | |
| 651 | 0 | |a Europa |9 255156 | |
| 583 | |a last modification |c 19980519 00:00:00 |k Rodrigo Vera | ||
| 490 | 0 | |a The Praeger Contemporary World Series, 5 | |
| 999 | |c 269310 |d 269308 | ||
| 952 | |0 0 |1 0 |4 0 |6 940_550000000000000_LIC_1964 |7 0 |8 A |9 303020 |a BIBENE |b BIBENE |d 2019-11-20 |i 199395K |o 940.55 LIC 1964 |p 199395K |r 2025-01-15 |w 2019-11-20 |y BK |k ICO | ||